000 00744nam a2200253Ia 4500
003 OSt
005 20220918165243.0
006 a|||||r|||| 00| 0
007 ta
008 220917b |||||||| |||| 00| 0 eng d
020 _a185604257X
024 _a44,153
037 _cTextual
040 _aARTS
_cARTS
_beng
041 _2eng
_aeng
082 _a2:D65,8(B) :8.3.P, N7 (2D)
100 _aRaitt David Editor
_923482
245 0 _aLibraries for the new millennium
_b Implications for managers
260 _aLondon
_bLibrary Association Gt. Brit.
_c1997
300 _a288 p.
_ccm.
650 _aLIBRARY SCIENCE
942 _h2:D65,8(B) :8.3.P, N7 (2D)
_cTEXL
_2CC
999 _c129001
_d129001